00566nam a2200169Ia 4500008004100000100001800041245010200059245003400161260000900195300002500204440005000229500001100279650001700290650002300307650003900330650002700369170725s9999 xx 000 0 und d aHye Jeong Kim aInvestigating Teachers’ Pedagogical Experiences with Tablet Integration in Korean Rural Schools cHye Jeong Kim, Hyeoncheol Kim c2017 apages 107-116, April aThe Asia-Pacific Education Researcherv26:1-2 aCJ0033 aRURAL SCHOOL aTABLET INTEGRATION aTABLET-BASED INTERACTIVE CLASSROOM aTECHNOLOGY INTEGRATION